00230nam a2200109Ia 4500100002400000654000900024245003600033260001800069082001300087300000800100546001200108 aStallings/ William  adata aData and computer communication bPearsonc2000 a4.6bSTA a805 aENGLISH